000
00298nam a22001337a 4500
008
170607b xxu||||| |||| 00| 0 eng d
020
_a
9780495812494
041
_a
eng
080
_2
9TH
_a
94(7/8)
100
_a
18
101
_a
SHH
245
_a
AMERICAN CORRECTIONS
_c
CLEAR,T.R
942
_2
udc
_c
BK
999
_c
16314
_d
16314